000 00314nam a22001337a 4500
008 251118b |||||||| |||| 00| 0 eng d
020 _a8121917808
050 _aTA545
_b.A43
100 _aALAK,DE
245 _aPlane Surveying
260 _aNew Delhi
_bS.Chand And Company
_c2012
300 _axv,664p.
942 _cBK
999 _c4508
_d4508